[Event "POL-chT Otwarta Lubelska"]
[Site "Wojewodztwo Lubelskie"]
[Date "2013.03.09"]
[Round "4.9"]
[White "Chwalewski, Marek"]
[Black "Rogala, Robert"]
[Result "0-1"]
[WhiteElo "1949"]
[BlackElo "1969"]
[PlyCount "90"]
[EventDate "2013.01.06"]
[EventType "team-tourn"]
[EventRounds "14"]
[EventCountry "POL"]
[SourceTitle "EXT 2020"]
[Source "ChessBase"]
[SourceDate "2019.10.17"]
[SourceVersion "1"]
[SourceVersionDate "2019.10.17"]
[SourceQuality "1"]
[WhiteTeam "Lublin Drakon"]
[BlackTeam "Kurow"]
[WhiteTeamCountry "POL"]
[BlackTeamCountry "POL"]

1. c4 Nf6 2. g3 g6 3. d4 Bg7 4. Nc3 0-0 5. e4 d6 6. Bg2 Nbd7 7. Nge2 e5 8. 0-0 exd4 9. Nxd4 Re8 10. Re1 Nc5 11. Bg5 h6 12. Bxf6 Bxf6 13. Qd2 Ne6 14. Nxe6 Bxe6 15. Nd5 Bg7 16. Rac1 c6 17. Nf4 Qb6 18. Nxe6 Rxe6 19. b3 Qd4 20. Rcd1 Qxd2 21. Rxd2 Bc3 22. Red1 Bxd2 23. Rxd2 Rd8 24. c5 d5 25. f4 d4 26. Rd3 Re7 27. b4 f6 28. Kf2 b6 29. Kf3 bxc5 30. bxc5 Rb7 31. h4 Rb5 32. h5 g5 33. Bh3 Kf7 34. e5 fxe5 35. fxe5 Rxc5 36. Ke4 Rc3 37. Bf1 Rxd3 38. Bxd3 Ke6 39. Bc4+ Ke7 40. g4 c5 41. Bd3 Rf8 42. Kd5 Rf3 43. Bb5 d3 44. Ke4 d2 45. Be2 Rf1 0-1

[Event "POL-chT Otwarta Lubelska"]
[Site "Wojewodztwo Lubelskie"]
[Date "2013.03.09"]
[Round "3.9"]
[White "Rogala, Robert"]
[Black "Chwalewski, Marek"]
[Result "0-1"]
[WhiteElo "1969"]
[BlackElo "1949"]
[PlyCount "86"]
[EventDate "2013.01.06"]
[EventType "team-tourn"]
[EventRounds "14"]
[EventCountry "POL"]
[SourceTitle "EXT 2020"]
[Source "ChessBase"]
[SourceDate "2019.10.17"]
[SourceVersion "1"]
[SourceVersionDate "2019.10.17"]
[SourceQuality "1"]
[WhiteTeam "Kurow"]
[BlackTeam "Lublin Drakon"]
[WhiteTeamCountry "POL"]
[BlackTeamCountry "POL"]

1. d4 c6 2. c4 g6 3. Nc3 Bg7 4. e4 d6 5. Nf3 Bg4 6. Be2 Nd7 7. 0-0 Bxf3 8. Bxf3 Nb6 9. Be2 e6 10. f4 Ne7 11. d5 exd5 12. cxd5 cxd5 13. Bb5+ Nd7 14. Nxd5 Nc6 15. f5 a6 16. Ba4 0-0 17. Kh1 Re8 18. f6 Bf8 19. Bc2 Nc5 20. Qg4 Ne5 21. Qh4 h5 22. Bg5 Kh7 23. Nf4 Ne6 24. Nxe6 Rxe6 25. Bb3 Qd7 26. Bxe6 Qxe6 27. b3 Rc8 28. Rac1 Rc6 29. h3 Bh6 30. Bxh6 Kxh6 31. Qf2 g5 32. Rxc6 Nxc6 33. h4 Qxe4 34. hxg5+ Kg6 35. Re1 Qd3 36. Re8 Ne5 37. Rg8+ Kh7 38. Rc8 Qb1+ 39. Qg1 Qxa2 40. Qd1 Kg6 41. Rg8+ Kf5 42. Qxh5 Qa1+ 43. Kh2 Ng4+ 0-1

[Event "POL-chT Otwarta Lubelska"]
[Site "Wojewodztwo Lubelskie"]
[Date "2013.01.06"]
[Round "1.19"]
[White "Wegrzyniak, Pawel"]
[Black "Rogala, Robert"]
[Result "0-1"]
[WhiteElo "1412"]
[BlackElo "1969"]
[PlyCount "62"]
[EventDate "2013.01.06"]
[EventType "team-tourn"]
[EventRounds "14"]
[EventCountry "POL"]
[SourceTitle "EXT 2020"]
[Source "ChessBase"]
[SourceDate "2019.10.17"]
[SourceVersion "1"]
[SourceVersionDate "2019.10.17"]
[SourceQuality "1"]
[WhiteTeam "Podlaski MUKS Miedzyrzec"]
[BlackTeam "Kurow"]
[WhiteTeamCountry "POL"]
[BlackTeamCountry "POL"]

1. e4 d6 2. d4 Nf6 3. Bd3 g6 4. Nf3 Bg7 5. 0-0 0-0 6. Be3 Nc6 7. Nbd2 Ng4 8. c3 Nxe3 9. fxe3 e5 10. Qc2 Qe7 11. Qb3 Kh8 12. d5 Nb8 13. Rae1 Nd7 14. Qc2 Nc5 15. Be2 Bh6 16. Bc4 f5 17. b4 Nxe4 18. Nxe4 fxe4 19. Qxe4 Bd7 20. Qh4 Qxh4 21. Nxh4 e4 22. g3 g5 23. Ng2 Rf3 24. Be2 Raf8 25. Rd1 Bh3 26. Bb5 Bg7 27. c4 Bc3 28. Ba4 Bxb4 29. Bb3 Bc5 30. Rde1 Kg7 31. Bd1 Bxe3+ 0-1

[Event "Mazowiec-chT 1112"]
[Site "Poland"]
[Date "2012.02.26"]
[Round "9.14"]
[White "Sikorski, Tomasz"]
[Black "Rogala, Robert"]
[Result "0-1"]
[WhiteElo "1791"]
[BlackElo "1965"]
[PlyCount "64"]
[EventDate "2012.01.08"]
[EventType "team-tourn"]
[EventRounds "10"]
[EventCountry "POL"]
[SourceTitle "EXT 2019"]
[Source "ChessBase"]
[SourceDate "2018.10.10"]
[SourceVersion "1"]
[SourceVersionDate "2018.10.10"]
[SourceQuality "1"]

1. e4 d6 2. d4 Nf6 3. Nc3 g6 4. f4 Bg7 5. Nf3 0-0 6. Bd3 Nc6 7. a3 Bg4 8. Be3 e5 9. fxe5 dxe5 10. d5 Nd4 11. Be2 Nxe2 12. Qxe2 Ne8 13. h3 Bd7 14. g4 Qe7 15. g5 a6 16. Nh2 b5 17. Ng4 Nd6 18. b3 a5 19. Qf3 f5 20. gxf6 Bxf6 21. Qg2 Bh4+ 22. Kd2 b4 23. Nd1 bxa3 24. Rxa3 a4 25. Bc5 axb3 26. Rxb3 Nc4+ 27. Ke2 Qxc5 28. Nb2 Bxg4+ 29. Qxg4 Qf2+ 30. Kd3 Qd4+ 31. Ke2 Rf2+ 32. Ke1 Qd2# 0-1

[Event "Rewal op-A 15th"]
[Site "Rewal"]
[Date "2010.08.26"]
[Round "7"]
[White "Mucha, Marcin"]
[Black "Rogala, Robert"]
[Result "1-0"]
[WhiteElo "2088"]
[BlackElo "2037"]
[PlyCount "117"]
[EventDate "2010.08.19"]
[EventType "swiss"]
[EventRounds "9"]
[EventCountry "POL"]
[SourceTitle "EXT 2013"]
[Source "ChessBase"]
[SourceDate "2012.11.22"]
[SourceVersion "1"]
[SourceVersionDate "2012.11.22"]
[SourceQuality "1"]

1. d4 Nf6 2. c4 g6 3. Nc3 d6 4. e4 Bg7 5. Be2 0-0 6. Nf3 e5 7. 0-0 Nbd7 8. Qc2 c6 9. Rd1 Qc7 10. d5 c5 11. a3 a6 12. Rb1 b6 13. Ne1 Ne8 14. Be3 f5 15. f3 f4 16. Bf2 g5 17. b4 Nef6 18. Qa4 Bb7 19. Rb2 Rab8 20. Rdb1 h5 21. Kh1 Kf7 22. Bg1 Rg8 23. Qd1 Bf8 24. Na4 Bc8 25. Nd3 Be7 26. Nf2 Rb7 27. Rb3 Bd8 28. R1b2 Be7 29. Qb1 Ra7 30. Nd3 Ra8 31. Qc2 Rb8 32. Qb1 Ra8 33. bxc5 bxc5 34. Qe1 g4 35. Bf1 Nh7 36. Nb6 Nxb6 37. Rxb6 Ra7 38. Rc6 Qd7 39. Bxc5 gxf3 40. gxf3 Rb7 41. Rxb7 Bxb7 42. Rb6 Rg6 43. Bf2 Bd8 44. Rb1 Ng5 45. Qe2 Bc8 46. c5 Bf6 47. c6 Qd8 48. Bb6 Qg8 49. Ba7 Nh3 50. Bg2 Qd8 51. Rb7+ Be7 52. Qe1 Rg8 53. Qh4 Bxb7 54. Qxh5+ Kg7 55. cxb7 Qc7 56. Qxh3 Qxb7 57. Bf2 Kf7 58. Bf1 Qb8 59. Nb4 1-0

[Event "Rewal op-A 15th"]
[Site "Rewal"]
[Date "2010.08.20"]
[Round "2"]
[White "Oliwa, Marek"]
[Black "Rogala, Robert"]
[Result "1-0"]
[WhiteElo "2418"]
[BlackElo "2037"]
[PlyCount "56"]
[EventDate "2010.08.19"]
[EventType "swiss"]
[EventRounds "9"]
[EventCountry "POL"]
[SourceTitle "EXT 2013"]
[Source "ChessBase"]
[SourceDate "2012.11.22"]
[SourceVersion "1"]
[SourceVersionDate "2012.11.22"]
[SourceQuality "1"]

1. d4 Nc6 2. Nf3 d5 3. Bf4 Nf6 4. e3 e6 5. c4 Be7 6. Nc3 0-0 7. h3 a6 8. Rc1 dxc4 9. Bxc4 b5 10. Bd3 Nb4 11. Bb1 Nbd5 12. Nxd5 Nxd5 13. Bxc7 Bb4+ 14. Ke2 Nxc7 15. Qc2 f5 16. Qxc7 Bd6 17. Qxd8 Rxd8 18. a3 Kf7 19. g4 g6 20. Rhd1 h6 21. e4 Bb7 22. Ne5+ Bxe5 23. dxe5 Bxe4 24. Bxe4 fxe4 25. Rc7+ Kg8 26. Rd6 Rac8 27. Rxc8 Rxc8 28. Rxe6 Kg7 1-0

[Event "Chojnice op"]
[Site "Chojnice"]
[Date "2009.07.15"]
[Round "7"]
[White "Zadlo, Tomasz"]
[Black "Rogala, Robert"]
[Result "1/2-1/2"]
[WhiteElo "2078"]
[BlackElo "2032"]
[PlyCount "26"]
[EventDate "2009.07.11"]
[EventType "swiss"]
[EventRounds "9"]
[EventCountry "POL"]
[SourceTitle "CBM 131 Extra"]
[Source "ChessBase"]
[SourceDate "2009.09.03"]
[SourceVersion "2"]
[SourceVersionDate "2009.09.16"]
[SourceQuality "1"]

1. e4 d6 2. d4 e5 3. dxe5 dxe5 4. Qxd8+ Kxd8 5. Bc4 f6 6. Be3 c6 7. Nd2 Nd7 8. Nb3 Ne7 9. 0-0-0 Kc7 10. Nf3 Ng6 11. h4 Nb6 12. Bd3 h5 13. Nfd2 Na4 1/2-1/2

[Event "Chojnice op"]
[Site "Chojnice"]
[Date "2009.07.13"]
[Round "4"]
[White "Rogala, Robert"]
[Black "Szewczak, Andrzej"]
[Result "1-0"]
[WhiteElo "2032"]
[BlackElo "1945"]
[PlyCount "107"]
[EventDate "2009.07.11"]
[EventType "swiss"]
[EventRounds "9"]
[EventCountry "POL"]
[SourceTitle "CBM 131 Extra"]
[Source "ChessBase"]
[SourceDate "2009.09.03"]
[SourceVersion "2"]
[SourceVersionDate "2009.09.16"]
[SourceQuality "1"]

1. d4 b5 2. a4 b4 3. c3 bxc3 4. Nxc3 e6 5. e4 a5 6. Be2 Ba6 7. Nf3 c6 8. e5 d5 9. exd6 Bxd6 10. 0-0 Nf6 11. Bg5 Qb6 12. Ne5 Qxb2 13. Bxa6 Nxa6 14. Rb1 Qxc3 15. Rb3 Qxb3 16. Qxb3 Nb4 17. Nxc6 Nfd5 18. Ne5 f6 19. Nc4 Bc7 20. Bd2 Kf7 21. Re1 Ra6 22. Ne3 Nxe3 23. Bxb4 Nd5 24. Bc5 Rb8 25. Qd3 Raa8 26. Qxh7 Rh8 27. Qe4 Rae8 28. g3 f5 29. Qd3 g5 30. Qb5 f4 31. Qd7+ Kf6 32. Bd6 Bxd6 33. Qxd6 Rhf8 34. Re5 Kf7 35. Rxg5 Rg8 36. Rxg8 Rxg8 37. Kg2 fxg3 38. hxg3 Rg4 39. Qc5 Rg5 40. Kh2 Rf5 41. f4 Ne3 42. Qc7+ Kf6 43. Kg1 Rd5 44. Qh7 Nf5 45. g4 Ng7 46. Qe4 Ne8 47. f5 Nc7 48. fxe6 Ke7 49. Qh7+ Kd8 50. Qg8+ Ke7 51. Qf7+ Kd8 52. e7+ Kc8 53. Qxd5 Nxd5 54. e8Q+ 1-0

[Event "Chojnice op"]
[Site "Chojnice"]
[Date "2009.07.11"]
[Round "1"]
[White "Cherepov, Alexej"]
[Black "Rogala, Robert"]
[Result "1-0"]
[WhiteElo "2201"]
[BlackElo "2032"]
[PlyCount "47"]
[EventDate "2009.07.11"]
[EventType "swiss"]
[EventRounds "9"]
[EventCountry "POL"]
[SourceTitle "CBM 131 Extra"]
[Source "ChessBase"]
[SourceDate "2009.09.03"]
[SourceVersion "2"]
[SourceVersionDate "2009.09.16"]
[SourceQuality "1"]

1. d4 Nf6 2. c4 d6 3. Nf3 Nbd7 4. Nc3 e5 5. e4 g6 6. Be2 Bg7 7. 0-0 0-0 8. Qc2 exd4 9. Nxd4 Re8 10. Rd1 Nc5 11. f3 Nh5 12. Bf1 Ne6 13. Nxe6 fxe6 14. c5 Qh4 15. cxd6 cxd6 16. g3 Qf6 17. Kg2 Bd7 18. Rxd6 Rf8 19. Be2 Bc6 20. Be3 Rad8 21. Rad1 Rxd6 22. Rxd6 a6 23. Qb3 Kh8 24. Qxe6 1-0

[Event "Kowalewo Pomorskie op-A 16th"]
[Site "Kowalewo Pomorskie"]
[Date "2009.07.06"]
[Round "3"]
[White "Kuchnio, Przemyslaw"]
[Black "Rogala, Robert"]
[Result "1-0"]
[WhiteElo "2093"]
[BlackElo "2032"]
[PlyCount "53"]
[EventDate "2009.07.04"]
[EventType "swiss"]
[EventRounds "9"]
[EventCountry "POL"]
[SourceTitle "CBM 131 Extra"]
[Source "ChessBase"]
[SourceDate "2009.09.03"]
[SourceVersion "2"]
[SourceVersionDate "2009.09.16"]
[SourceQuality "1"]

1. c4 Nf6 2. Nc3 g6 3. g3 Bg7 4. Bg2 d6 5. Nf3 0-0 6. 0-0 Bd7 7. Rb1 c5 8. b4 cxb4 9. Rxb4 Qc8 10. Nd4 Nc6 11. Nxc6 Bxc6 12. Nd5 Nxd5 13. cxd5 Bd7 14. Qb3 b5 15. Bb2 a5 16. Re4 Bxb2 17. Qxb2 Re8 18. d3 f6 19. Qd2 Kg7 20. Qe3 Kf7 21. Qh6 Rh8 22. Rxe7+ Kxe7 23. Qg7+ Ke8 24. Qxh8+ Kf7 25. Qxh7+ Kf8 26. Qxg6 Qe8 27. Qh7 1-0

[Event "Kowalewo Pomorskie op-A 16th"]
[Site "Kowalewo Pomorskie"]
[Date "2009.07.06"]
[Round "4"]
[White "Rogala, Robert"]
[Black "Bernacki, Krzysztof"]
[Result "1-0"]
[WhiteElo "2032"]
[BlackElo "2074"]
[PlyCount "71"]
[EventDate "2009.07.04"]
[EventType "swiss"]
[EventRounds "9"]
[EventCountry "POL"]
[SourceTitle "CBM 131 Extra"]
[Source "ChessBase"]
[SourceDate "2009.09.03"]
[SourceVersion "2"]
[SourceVersionDate "2009.09.16"]
[SourceQuality "1"]

1. d4 c5 2. d5 f5 3. g4 fxg4 4. h3 g3 5. fxg3 g6 6. e4 Bg7 7. Ne2 Nh6 8. Bg2 0-0 9. Nd2 d6 10. Nf4 b5 11. Nf3 Na6 12. 0-0 Rb8 13. Be3 Nf7 14. Qe2 Qa5 15. c3 Qc7 16. Kh2 Qb7 17. Rac1 Bd7 18. Rb1 Qb6 19. a3 Qc7 20. Rbc1 Qb7 21. b4 Ne5 22. Ng5 Bf6 23. Nfe6 Rfc8 24. Bf4 cxb4 25. Bxe5 dxe5 26. axb4 Qb6 27. h4 Rc4 28. h5 Rbc8 29. Nxh7 Kxh7 30. hxg6+ Kg8 31. Qh5 Bxe6 32. Qh7+ Kf8 33. Rxf6+ exf6 34. g7+ Ke7 35. g8Q+ Kd6 36. Qxe6# 1-0

[Event "Chojnice op-A 4th"]
[Site "Chojnice"]
[Date "2008.07.17"]
[Round "8"]
[White "Kalata, Mariusz"]
[Black "Rogala, Robert"]
[Result "1/2-1/2"]
[WhiteElo "2151"]
[BlackElo "2007"]
[PlyCount "23"]
[EventDate "2008.07.12"]
[EventType "swiss"]
[EventRounds "9"]
[EventCountry "POL"]
[SourceTitle "EXT 2018"]
[Source "ChessBase"]
[SourceDate "2017.10.13"]
[SourceVersion "1"]
[SourceVersionDate "2017.10.13"]
[SourceQuality "1"]

1. d4 Nf6 2. c4 d6 3. Nc3 Nbd7 4. Nf3 e5 5. d5 g6 6. g3 Bg7 7. Bg2 0-0 8. 0-0 a5 9. h3 Nc5 10. Bg5 h6 11. Bxf6 Bxf6 12. Nd2 1/2-1/2

[Event "Chojnice op-A 4th"]
[Site "Chojnice"]
[Date "2008.07.16"]
[Round "6"]
[White "Olszewski, Marek"]
[Black "Rogala, Robert"]
[Result "1/2-1/2"]
[WhiteElo "2151"]
[BlackElo "2007"]
[PlyCount "115"]
[EventDate "2008.07.12"]
[EventType "swiss"]
[EventRounds "9"]
[EventCountry "POL"]
[SourceTitle "EXT 2018"]
[Source "ChessBase"]
[SourceDate "2017.10.13"]
[SourceVersion "1"]
[SourceVersionDate "2017.10.13"]
[SourceQuality "1"]

1. e4 d6 2. d4 Nf6 3. Nc3 g6 4. Nf3 Bg7 5. Bc4 0-0 6. Qe2 Nc6 7. e5 dxe5 8. dxe5 Ng4 9. e6 Nge5 10. Nxe5 Nxe5 11. exf7+ Nxf7 12. h4 e6 13. Bd2 Nd6 14. Bb3 Qf6 15. Bg5 Qf7 16. h5 h6 17. hxg6 Qxg6 18. Bd2 Bd7 19. 0-0-0 Rae8 20. Rh2 Kf7 21. Be3 Ke7 22. Qd2 Kd8 23. Bd4 Bxd4 24. Qxd4 Qf6 25. Qxf6+ Rxf6 26. f3 Rg8 27. Kd2 Rfg6 28. Rg1 Bc6 29. Ke2 Ke7 30. Nd1 Nf5 31. c3 h5 32. Kf2 h4 33. Bc2 Rg3 34. Bxf5 exf5 35. Ne3 Kf6 36. Rxh4 Bxf3 37. Rh6+ Ke5 38. Re1 Be4 39. Rh5 Rxg2+ 40. Nxg2 Rxg2+ 41. Ke3 Rxb2 42. Re2 Rxe2+ 43. Kxe2 c5 44. Ke3 b5 45. Rh8 a5 46. Rc8 Kd6 47. Rd8+ Kc7 48. Rd2 b4 49. cxb4 axb4 50. Rb2 Kc6 51. Rf2 Kb5 52. Kd2 Kc4 53. Rh2 b3 54. axb3+ Kxb3 55. Rh8 Kc4 56. Rf8 Kd4 57. Rd8+ Kc4 58. Re8 1/2-1/2

[Event "Chojnice op-A 4th"]
[Site "Chojnice"]
[Date "2008.07.14"]
[Round "3"]
[White "Rogala, Robert"]
[Black "Celmer, Jan"]
[Result "1-0"]
[WhiteElo "2007"]
[BlackElo "1967"]
[PlyCount "57"]
[EventDate "2008.07.12"]
[EventType "swiss"]
[EventRounds "9"]
[EventCountry "POL"]
[SourceTitle "EXT 2018"]
[Source "ChessBase"]
[SourceDate "2017.10.13"]
[SourceVersion "1"]
[SourceVersionDate "2017.10.13"]
[SourceQuality "1"]

1. d4 Nf6 2. c4 g6 3. Nc3 Bg7 4. e4 d6 5. f3 0-0 6. Be3 Nc6 7. Nge2 a6 8. Qd2 b5 9. cxb5 axb5 10. Nxb5 Na5 11. Rc1 c6 12. Na3 Be6 13. Nc3 Qb8 14. Be2 Rc8 15. 0-0 Rc7 16. Ra1 Rb7 17. Rfb1 Ne8 18. Nd1 Nc7 19. b4 Nb5 20. Bxb5 cxb5 21. bxa5 b4 22. Nc2 Bxa2 23. Rxa2 b3 24. Rab2 bxc2 25. Qxc2 Rxb2 26. Qxb2 Qa7 27. Qb6 h5 28. Qxa7 Rxa7 29. Ra1 1-0

[Event "Chojnice op-A 4th"]
[Site "Chojnice"]
[Date "2008.07.12"]
[Round "1"]
[White "Rogala, Robert"]
[Black "Lada, Ireneusz"]
[Result "0-1"]
[WhiteElo "2007"]
[BlackElo "2166"]
[PlyCount "54"]
[EventDate "2008.07.12"]
[EventType "swiss"]
[EventRounds "9"]
[EventCountry "POL"]
[SourceTitle "EXT 2018"]
[Source "ChessBase"]
[SourceDate "2017.10.13"]
[SourceVersion "1"]
[SourceVersionDate "2017.10.13"]
[SourceQuality "1"]

1. d4 d6 2. c4 e5 3. dxe5 dxe5 4. Qxd8+ Kxd8 5. Nf3 f6 6. Nc3 c6 7. Bd2 Be6 8. e3 Nd7 9. 0-0-0 Nh6 10. e4 Ng4 11. Be1 Bc5 12. Rd2 Kc7 13. h3 Nh6 14. Bd3 Rhd8 15. b3 a5 16. Re2 Ba3+ 17. Kb1 Nc5 18. Bc2 Nf7 19. Bd2 Bb4 20. Nd1 Nd6 21. Bc1 a4 22. Nb2 b5 23. Nd2 Bxd2 24. Bxd2 axb3 25. axb3 bxc4 26. bxc4 Nxc4 27. Bc3 Rdb8 0-1

[Event "Kowalewo Pomorskie op"]
[Site "Kowalewo Pomorskie"]
[Date "2008.07.07"]
[Round "4"]
[White "Khamitskiy, Sergei"]
[Black "Rogala, Robert"]
[Result "1-0"]
[WhiteElo "2324"]
[BlackElo "2007"]
[PlyCount "92"]
[EventDate "2008.07.04"]
[EventType "swiss"]
[EventRounds "9"]
[EventCountry "POL"]
[SourceTitle "CBM 125 Extra"]
[Source "ChessBase"]
[SourceDate "2008.09.01"]
[SourceVersion "1"]
[SourceVersionDate "2008.09.01"]
[SourceQuality "1"]

1. d4 Nf6 2. c4 g6 3. Nc3 Bg7 4. e4 d6 5. h3 0-0 6. Nf3 Nc6 7. Bg5 Qe8 8. Be2 a6 9. g4 e5 10. d5 Ne7 11. Nd2 Nd7 12. Rg1 f6 13. Be3 Kh8 14. h4 f5 15. f3 f4 16. Bf2 Ng8 17. b4 b6 18. Nb3 Bf6 19. Rb1 Be7 20. Rh1 Rf7 21. Kf1 Qf8 22. c5 g5 23. cxb6 cxb6 24. hxg5 Bxg5 25. Bd3 Ngf6 26. Rc1 h5 27. Ke2 Rh7 28. gxh5 Nxh5 29. Kd2 Ng3 30. Rxh7+ Kxh7 31. Ne2 Qh6 32. Qg1 Kh8 33. Rc6 Nf6 34. Kc2 Nxe2 35. Bxe2 Qh5 36. Nd2 b5 37. Rxd6 Bd7 38. Kb2 a5 39. bxa5 Rxa5 40. Nb3 Ra8 41. Nc5 Be8 42. Re6 Bg6 43. Rxe5 Nxe4 44. Nxe4 Bf6 45. Bd4 Bxe4 46. Bd3 Re8 1-0

[Event "Ehrenfeuchts Memorial U18 7th"]
[Site "Warsaw"]
[Date "2006.12.30"]
[Round "9"]
[White "Rogala, Robert"]
[Black "Matuszewski, Michal"]
[Result "1-0"]
[WhiteElo "2000"]
[BlackElo "2062"]
[PlyCount "99"]
[EventDate "2006.12.27"]
[EventType "swiss"]
[EventRounds "9"]
[EventCountry "POL"]
[SourceTitle "EXT 2011"]
[Source "ChessBase"]
[SourceDate "2010.11.26"]
[SourceVersion "1"]
[SourceVersionDate "2010.11.26"]
[SourceQuality "1"]

1. d4 f5 2. Bg5 g6 3. g3 Bg7 4. Bg2 Nf6 5. Nd2 0-0 6. e4 fxe4 7. Nxe4 Nxe4 8. Bxe4 d5 9. Bg2 h6 10. Be3 c5 11. c3 Nc6 12. Ne2 cxd4 13. Nxd4 e5 14. Nxc6 bxc6 15. 0-0 Rb8 16. Bxa7 Rxb2 17. Qc1 Rb5 18. Be3 Kh7 19. a4 Ra5 20. Qa3 d4 21. Bd2 Ra7 22. Qc5 Rb7 23. cxd4 exd4 24. Rab1 Rbf7 25. Ba5 Qf6 26. Rb6 Qf5 27. Bb4 Qxc5 28. Bxc5 Rd8 29. a5 Rf5 30. Rxc6 Bb7 31. Rc7 Ba6 32. Rd1 Kg8 33. Bb6 Re8 34. Bh3 Rf7 35. Bf1 Bxf1 36. Rxf7 Kxf7 37. Kxf1 Ra8 38. Ke2 Ke6 39. Kd3 Kd5 40. Rc1 Be5 41. Rc4 Ra6 42. f4 Bf6 43. Rc5+ Kd6 44. Rc7 Bd8 45. Rg7 Bxb6 46. Rxg6+ Kd5 47. Rxb6 Rxa5 48. Rb3 Ra2 49. Rb5+ Ke6 50. Rh5 1-0

[Event "Ehrenfeuchts Memorial U18 7th"]
[Site "Warsaw"]
[Date "2006.12.28"]
[Round "4"]
[White "Rogala, Robert"]
[Black "Suwara, Piotr"]
[Result "1-0"]
[WhiteElo "2000"]
[BlackElo "1741"]
[PlyCount "62"]
[EventDate "2006.12.27"]
[EventType "swiss"]
[EventRounds "9"]
[EventCountry "POL"]
[SourceTitle "EXT 2011"]
[Source "ChessBase"]
[SourceDate "2010.11.26"]
[SourceVersion "1"]
[SourceVersionDate "2010.11.26"]
[SourceQuality "1"]

1. d4 Nf6 2. c4 e5 3. e3 exd4 4. exd4 Be7 5. Bd3 d5 6. cxd5 Nxd5 7. Nc3 Be6 8. Nge2 c6 9. 0-0 Nd7 10. Bf4 N7f6 11. Bg3 0-0 12. a3 Nh5 13. Qc2 Nxg3 14. Nxg3 g6 15. Nce2 Bf6 16. Rfd1 Qb6 17. Bc4 Nc7 18. Ne4 Bg7 19. Nc5 Bxd4 20. Nd7 Bxf2+ 21. Kh1 Bxd7 22. Rxd7 Rad8 23. Bxf7+ Kg7 24. Qc3+ Bd4 25. Nxd4 Rxd7 26. Nf5+ Kxf7 27. Qg7+ Ke8 28. Re1+ Ne6 29. Rxe6+ Kd8 30. Rd6 Rff7 31. Qxf7 Rxd6 1-0

[Event "Rewal op 11th"]
[Site "Rewal"]
[Date "2006.08.28"]
[Round "10"]
[White "Obrocki, Dariusz"]
[Black "Rogala, Robert"]
[Result "1/2-1/2"]
[WhiteElo "1935"]
[BlackElo "2000"]
[PlyCount "120"]
[EventDate "2006.08.21"]
[EventType "swiss"]
[EventRounds "11"]
[EventCountry "POL"]
[SourceTitle "EXT 2010"]
[Source "ChessBase"]
[SourceDate "2010.11.25"]
[SourceVersion "1"]
[SourceVersionDate "2010.11.25"]
[SourceQuality "1"]

1. e4 c6 2. d4 d5 3. Nc3 dxe4 4. Nxe4 Nd7 5. Bc4 Ngf6 6. Ng5 e6 7. Qe2 Nb6 8. N1f3 h6 9. Nh3 Bd7 10. 0-0 c5 11. Be3 Nxc4 12. Qxc4 Qa5 13. Qe2 Rc8 14. Rfd1 c4 15. c3 Bd6 16. Bd2 Qh5 17. Nf4 Bxf4 18. Bxf4 0-0 19. Re1 Bc6 20. Ne5 Qxe2 21. Rxe2 Bd5 22. g4 Rfd8 23. h4 Nxg4 24. Nxg4 Bf3 25. Nxh6+ gxh6 26. Re3 Bd5 27. Bxh6 Kh7 28. Bf4 Rg8+ 29. Rg3 Rg6 30. Kh2 Rcg8 31. Rag1 Rxg3 32. fxg3 f5 33. h5 Rg4 34. Rf1 Kg7 35. Kg1 Kf7 36. Kf2 Rg8 37. Ke3 Rh8 38. h6 Kg6 39. Rf2 Rg8 40. Rh2 Kh7 41. Kd2 a6 42. Kc2 Be4+ 43. Kd2 Rg6 44. b3 Bd5 45. bxc4 Bxc4 46. a4 b5 47. axb5 axb5 48. Rh1 Bd5 49. Ra1 Rxh6 50. Bxh6 Kxh6 51. Ke3 Kg5 52. Ra7 Kg4 53. Rg7+ Kh3 54. Kf4 Kg2 55. Ke5 Kf3 56. Kd6 Ke3 57. Kc5 Bc4 58. g4 fxg4 59. Rxg4 Kd2 60. Rg5 Kxc3 1/2-1/2